000 00573nam a2200229Ia 4500
003 OSt
005 20221005121420.0
006 a|||||r|||| 00| 0
007 ta
008 221004b |||||||| |||| 00| 0 mal d
024 _a53054
037 _cTextual
040 _aCRL
_cCRL
_bmal
041 _2mal
_amal
082 _aO32:g, J7
100 _aMarar Kuttikrishna Au.
245 0 _aHasya sahityam
260 _c1957
650 _aMALAYALAM LITERATURE
_938866
942 _hO32:g, J7
_cTEXL
_2cc
999 _c1041102
_d1041102